| 000 | 00476nam a22001817a 4500 | ||
|---|---|---|---|
| 003 | NUST - PNEC | ||
| 005 | 20170116181107.0 | ||
| 008 | 151003b xxu||||| |||| 00| 0 eng d | ||
| 020 | _a0754622460 | ||
| 020 | _a0754622525 | ||
| 040 | _cLIBRARY | ||
| 082 | _a954.6 ATA | ||
| 100 |
_912675 _a Ataöv, Türkkaya |
||
| 245 |
_aKashmir and neighbours : tale, terror, truce _c Türkkaya Ataöv |
||
| 260 | _cc.2001 | ||
| 650 |
_912677 _aTerrorism _xGeography |
||
| 942 |
_2ddc _cBK |
||
| 999 |
_c68959 _d68959 |
||